MARC details
| 000 -LEADER |
| fixed length control field |
00968cam a22002532u 4500 |
| 001 - CONTROL NUMBER |
| control field |
21086945 |
| 005 - DATE AND TIME OF LATEST TRANSACTION |
| control field |
20240207235234.0 |
| 008 - FIXED-LENGTH DATA ELEMENTS--GENERAL INFORMATION |
| fixed length control field |
190717s1930 enk 000 0 eng |
| 040 ## - CATALOGING SOURCE (பட்டியலாக்க மூலம்) |
| Original cataloging agency |
DLC |
| Language of cataloging |
eng |
| Transcribing agency |
DLC |
| Modifying agency |
DLC |
| 082 ## - DDC Classification |
| DDC Edition Number |
22 |
| Class No. |
306,7 |
| 100 1# - MAIN ENTRY--PERSONAL NAME |
| Personal name |
Meyer, Johann Jakob, |
| 245 10 - TITLE STATEMENT |
| Title |
Sexual life in ancient India : |
| Remainder of title |
a study in the comparative history of Indian culture, / |
| Statement of responsibility, etc. |
by Johann Jakob Meyer. |
| 260 ## - PUBLICATION, DISTRIBUTION, ETC. |
| Place of publication, distribution, etc. |
London : |
| Name of publisher, distributor, etc. |
G. Routledge & sons, ltd., |
| Date of publication, distribution, etc. |
1930. |
| 300 ## - PHYSICAL DESCRIPTION |
| Extent (e.g. Volumes, Pages etc.) |
2 v. : |
| 490 0# - SERIES STATEMENT |
| Series statement |
Broadway oriental library, edited by Clement Egerton |
| 500 ## - GENERAL NOTE |
| General note |
Paged continuously. |
| 500 ## - GENERAL NOTE |
| General note |
An account of the life of woman in ancient India, based upon material in the Mahābhārata and the Rāmāyana; with emendations and additions by the author, who has completely revised the German work. cf. v. 1, p. [iv] and vii. |
| 650 #0 - SUBJECT ADDED ENTRY--TOPICAL TERM |
| Topical term or geographic name entry element |
Sex customs |
| 650 #0 - SUBJECT ADDED ENTRY--TOPICAL TERM |
| Topical term or geographic name entry element |
Women |
| 650 #0 - SUBJECT ADDED ENTRY--TOPICAL TERM |
| Topical term or geographic name entry element |
India |
| 650 #0 - SUBJECT ADDED ENTRY--TOPICAL TERM |
| Topical term or geographic name entry element |
Hindu civilization |
| 650 #0 - SUBJECT ADDED ENTRY--TOPICAL TERM |
| Topical term or geographic name entry element |
Mahābhārata. |
| 942 ## - Koha item type (Biblio) |
| Koha item type |
Books in Stacks (Lending) |